مكتبة جامعة عجلون الوطنية

فهرس بحث المكتبة

The Functional Analysis Of English (Record no. 819)

MARC details
000 -LEADER
fixed length control field 00689nam a2200217Ii 4500
003 - CONTROL NUMBER IDENTIFIER
control field JO-AjNU
008 - FIXED-LENGTH DATA ELEMENTS--GENERAL INFORMATION
fixed length control field 230606s9999||||xx |||||||||||||| ||und||
020 ## - INTERNATIONAL STANDARD BOOK NUMBER
International Standard Book Number 978-0-340-80680-7
040 ## - CATALOGING SOURCE
Original cataloging agency JO-AjNU
Language of cataloging eng
Description conventions rda
Transcribing agency JO-AjNU
041 ## - LANGUAGE CODE
Language code of text/sound track or separate title eng
050 14 - LIBRARY OF CONGRESS CALL NUMBER
Classification number PE1106.B56 2004
100 3# - MAIN ENTRY--PERSONAL NAME
Personal name Bloor,Meriel تأليف/Bloor,Thomas م.مشارك,
Relator term author
9 (RLIN) 1559
245 04 - TITLE STATEMENT
Title The Functional Analysis Of English
250 ## - EDITION STATEMENT
Edition statement 1 ed
264 31 - PRODUCTION, PUBLICATION, DISTRIBUTION, MANUFACTURE, AND COPYRIGHT NOTICE
Place of production, publication, distribution, manufacture London:Hodder Education Part of Hachette Livre uK,2006
300 ## - PHYSICAL DESCRIPTION
Extent 315p
336 ## - CONTENT TYPE
Content type term text
Content type code txt
Source rdacontent
337 ## - MEDIA TYPE
Media type term unmediated
Media type code n
Source rdamedia
338 ## - CARRIER TYPE
Carrier type term volume
Carrier type code nc
Source rdacarrier
650 #4 - SUBJECT ADDED ENTRY--TOPICAL TERM
Topical term or geographic name entry element The Functional Analysis Of English-English
9 (RLIN) 1560
Holdings
Withdrawn status Lost status Source of classification or shelving scheme Damaged status Not for loan Home library Current library Shelving location Date acquired Total Checkouts Full call number Barcode Date last seen Price effective from Koha item type
    Library of Congress Classification     مكتبة جامعة عجلون الوطنية مكتبة جامعة عجلون الوطنية المجموعات العامة 06/06/2023   PE1106.B56 2004 E819 06/06/2023 06/06/2023 Books